000 00433nam a22001697a 4500
005 20230130152320.0
008 190910b xxu||||| |||| 00| 0 eng d
020 _a978-81-86270-28-0
041 _aeng
082 _a615
_bANS-E
100 _aANSARI, DR, S.H.
_95064
245 _aESSENTIALS OF PHARMACOGNOSY
260 _aDELHI
_bBIRLA PUBLICATIONS PVT. LTD
300 _a784p;
650 _aPHARMACY
_xB.PHARMA
_97083
942 _cBK
999 _c5968
_d5966